000 00568cam0a220019300 4500
001 tmp15444398
003 UPRA
005 20190827091454.0
008 950816s1952 tnu eng u
035 _a(Sirsi) r108071
035 _a(UPRA)tmp15444398
040 _cUPRA
100 1 _aMcCulloch, Margaret C.
_6A66428.1
245 1 0 _aIntegration :
_bpromise, process, problems.
260 _aNashville, TN :
_bAmerican Missional Association,
_c[1952]
650 0 _aRace relations.
_6S22134.1
949 _aHT1521
_wlcc
_i-154068
_mMAIN
_tBOOK
_lON-SHELF
004 108071
999 _c176433
_d176433